body parts in English (level 2) - Statistiques

Statistiques générales
  • Ce quiz a été pris 62 fois
  • Le résultat moyen est 12 sur 15
Statistiques - réponses
Français Anglais % Correct
yeux e{yes}
95%
cheveux h{air}
95%
cheveux h{air}
95%
deux dents two t{eeth}
93%
lèvres l{ips}
91%
bouche m{outh}
91%
nez n{ose}
91%
oreilles e{ars}
88%
langue t{longue}
86%
sourcils e{yebrow}
80%
une dent one t{ooth}
75%
joue c{heek}
66%
menton c{hin}
64%
front f{orehead}
64%
cils e{yelashes}
59%
Aucun quiz correspondant
Distribution des résultats
% des personnes avec chaque résultat
Percentile par nombre de réponses
Votre historique - résultats
Vous n’avez pas pris ce quiz